Power system quality assessment (Record no. 241221)
[ view plain ]
| 000 -LEADER | |
|---|---|
| fixed length control field | 00770nam a22002537a 4500 |
| 005 - DATE AND TIME OF LATEST TRANSACTION | |
| control field | 20260410152303.0 |
| 008 - FIXED-LENGTH DATA ELEMENTS--GENERAL INFORMATION | |
| fixed length control field | 260410b |||||||| |||| 00| 0 eng d |
| 020 ## - INTERNATIONAL STANDARD BOOK NUMBER | |
| International Standard Book Number | 9788126531745 |
| 040 ## - CATALOGING SOURCE | |
| Transcribing agency | AL |
| 041 ## - LANGUAGE CODE | |
| Language code of text/sound track or separate title | English |
| 082 ## - DEWEY DECIMAL CLASSIFICATION NUMBER | |
| Classification number | 621.3192 |
| Item number | ARRP |
| 100 ## - MAIN ENTRY--PERSONAL NAME | |
| Personal name | J Arrillaga |
| 100 ## - MAIN ENTRY--PERSONAL NAME | |
| 9 (RLIN) | 261409 |
| 245 ## - TITLE STATEMENT | |
| Title | Power system quality assessment |
| 260 ## - PUBLICATION, DISTRIBUTION, ETC. | |
| Place of publication, distribution, etc. | New Delhi |
| Name of publisher, distributor, etc. | Wiley India (P) Ltd |
| Date of publication, distribution, etc. | 2016 |
| 300 ## - PHYSICAL DESCRIPTION | |
| Extent | xii,300p. |
| Other physical details | PB |
| Dimensions | 23x15cm. |
| 365 ## - TRADE PRICE | |
| Price type code | VBI-2645 |
| Price amount | ₹671.25 |
| Currency code | ₹ |
| Unit of pricing | ₹895.00 |
| Price note | 25% |
| Price effective from | 20-02-2026 |
| 650 ## - SUBJECT ADDED ENTRY--TOPICAL TERM | |
| Topical term or geographic name entry element | Electrical Engineering |
| 9 (RLIN) | 261410 |
| 650 ## - SUBJECT ADDED ENTRY--TOPICAL TERM | |
| Topical term or geographic name entry element | Power Systems |
| 9 (RLIN) | 261411 |
| 650 ## - SUBJECT ADDED ENTRY--TOPICAL TERM | |
| Topical term or geographic name entry element | Power Quality Analysis |
| 9 (RLIN) | 261412 |
| 650 ## - SUBJECT ADDED ENTRY--TOPICAL TERM | |
| Topical term or geographic name entry element | Harmonics and Signal Processing |
| 9 (RLIN) | 261413 |
| 700 ## - ADDED ENTRY--PERSONAL NAME | |
| Personal name | Watson, N R |
| 9 (RLIN) | 261414 |
| 700 ## - ADDED ENTRY--PERSONAL NAME | |
| Personal name | Chen, S |
| 9 (RLIN) | 261415 |
| 942 ## - ADDED ENTRY ELEMENTS (KOHA) | |
| Source of classification or shelving scheme | Dewey Decimal Classification |
| Koha item type | Book |
| Withdrawn status | Lost status | Source of classification or shelving scheme | Damaged status | Not for loan | Collection code | Home library | Current library | Date acquired | Source of acquisition | Cost, normal purchase price | Total Checkouts | Full call number | Barcode | Date last seen | Cost, replacement price | Price effective from | Koha item type |
|---|---|---|---|---|---|---|---|---|---|---|---|---|---|---|---|---|---|
| Dewey Decimal Classification | Electronics and Communication Engineering | St Aloysius Engineering Library | St Aloysius Engineering Library | 04/10/2026 | Vidyarthi Books | 671.25 | 621.3192 ARRP | SE000497 | 04/10/2026 | 895.00 | 02/20/2026 | Book |